Ako sa zbaviť úveru novým úverom

Aké dlhy splatiť dlhmi. Možné výhody splatenia úveru novým úverom. Na čo si dávať pozor.

Saved in:
Bibliographic Details
Main Author: Škriniar, Pavel, 1979-
Format: Book Chapter
Language:Slovak
Subjects:
Tags: Add Tag
No Tags, Be the first to tag this record!

MARC

LEADER 00000naa a2200000 4500
001 0172000
005 20240502072940.8
041 0 |a slo 
044 |a SK 
245 1 0 |a Ako sa zbaviť úveru  |b novým úverom  |c Pavel Škriniar 
520 |a Aké dlhy splatiť dlhmi. Možné výhody splatenia úveru novým úverom. Na čo si dávať pozor. 
610 2 0 |a úver 
610 2 0 |a dlhy 
610 2 0 |a pôžičky 
610 2 0 |a sadzby úrokové 
100 1 |a Škriniar, Pavel, 1979-